[Event "AUTO-MASTER-3293"]
[Site "http://www.queenalice.com/game.php?id=1867995"]
[Date "2026.1.15"]
[Round "1"]
[White "Anusha"]
[Black "tucuman10"]
[Result "0-1"]
[WhiteElo "2100"]
[BlackElo "2381"]

1. c4 e6 2. g3 Bc5 3. Bg2 Qf6 4. Nf3 Nc6 5. O-O d5 6. d3 Nge7 7. cxd5 exd5 8.
Nc3 O-O 9. a3 Nd4 10. Nxd4 Bxd4 11. Nxd5 Nxd5 12. Bxd5 Bh3 13. Bg2 Bxg2 14. Kxg2
Bxb2 15. Bxb2 Qxb2 16. Rb1 Qxa3 17. Rxb7 Qd6 18. Kg1 a5 19. Qa4 Qe5 20. e3 Qd5
21. Rxc7 Qxd3 22. Rd1 Qe2 23. Rdd7 Qf3 24. Rc1 h6 25. Rb7 Qxb7 0-1